| 000 | 00685nam a22002057a 4500 | ||
|---|---|---|---|
| 003 | NUST-PNEC | ||
| 005 | 20170114142545.0 | ||
| 008 | 140714b xxu||||| |||| 00| 0 eng d | ||
| 020 | _a0470646136 | ||
| 040 | _c0470646136 | ||
| 082 | _a510 KRE | ||
| 100 |
_945 _aKreyszig, Erwin |
||
| 245 |
_aAdvanced engineering mathematics _cErwin Kreyszing |
||
| 250 | _a10th ed. | ||
| 260 |
_aNew York _bJohn Willey & Sons _cc.2011 |
||
| 300 |
_a1280p _bill.: _c26 cm. |
||
| 500 | _aIncludes Index http://www.amazon.com/Advanced-Engineering-Mathematics-Erwin-Kreyszig/dp/0470646136/ref=sr_1_1?s=books&ie=UTF8&qid=1405323456&sr=1-1&keywords=9780470646137 | ||
| 650 | _xMIS, ME | ||
| 942 |
_2ddc _cBK |
||
| 999 |
_c60184 _d60184 |
||